| 000 | 00620cam a2200157 4500 | ||
|---|---|---|---|
| 008 | 130802n 000 0 eng u | ||
| 035 | _a(Sirsi) a179949 | ||
| 050 | _aZamb HF5415.12.Z33 Zam 2007 | ||
| 110 | 1 | _aZambia Institute of Marketing. | |
| 245 |
_aThe Zambian marketer : the quarterly journal of the Zambia Institute of Marketing/ _cZambia Institute of Marketing. |
||
| 260 |
_aFringilla [Zambia] : _bLangmead & Baker Ltd, _c2007 |
||
| 300 | _av. : col. ill. ; 28 cm. | ||
| 440 | _aqtr.3-issue 12:qtr.1 (2007-2008 | ||
| 504 | _aIncludes bibliographical references | ||
| 650 | _aMarketing --Zambia --Periodicals. | ||
| 999 |
_c119804 _d119803 |
||